Manual de la cámara digital /

Uloženo v:
Podrobná bibliografie
Hlavní autor: Joinson, Simon (autor)
Médium: Kniha
Jazyk:španělština
Vydáno: Barcelona, España : Omega, 2005, c2005
Témata:
Tagy: Přidat tag
Žádné tagy, Buďte první, kdo vytvoří štítek k tomuto záznamu!

MARC

LEADER 00000nam^a2200000^a^4500
001 000186054
005 20250521000000.0
009 20260310102212.563
020 |a 84-282-1231-7 
037 |a Acervo ITESO - Biblioteca 
041 |a ESP 
082 |a 771. 32  |b JOI 
100 |a Joinson, Simon  |e (autor) 
245 1 0 |a Manual de la cámara digital /  |c S. Joinson ; tr. por Carles Muñoz Vernet. 
264 4 |a Barcelona, España :  |b Omega,  |c 2005, c2005 
300 |a 160 p. 
336 |a texto  |b txt  |2 rdacontenido 
337 |a sin mediación  |b n  |2 rdamedio 
338 |a volumen  |b nc  |2 rdasoporte 
500 |a Traducción de: Get the Most from Your Digital Camera 
649 |a XX 
650 |a Cámaras Fotográficas 
650 |a Fotografía Digital -  |x Materiales y Equipo 
650 |a Fotografía Digital -  |x Técnica 
910 |a Fondo General 
920 |a Impresos - Libros 
930 |a Colección General 
905 |a 101 
901 |a 0500127523  |b IT1  |c ACC  |u 20250521 
902 |a https://opac.biblio.iteso.mx/vufind/Record/000186054